000 00439nam a22001697a 4500
003 MPLRDC
005 20220104144455.0
008 210129b ||||| |||| 00| 0 eng d
082 _a051.53887 ND 1959
100 _a
245 _a一九五九年南洋大学评议会报告书
_c
250 _a初版
260 _a
_b新嘉坡政府文化部
_c1959
300 _b
650 _a学术纪要、学刊
942 _cBK
_o051.53887 ND 1959
999 _c49949
_d49939